000 00685cam a22002413a 4500
001 7039
003 PGUSA
005 20140828083139.0
008 041201s2004||||xxu|||||s|||||000 | eng d
040 _aPGUSA
_beng
042 _adc
050 4 _aBX
100 1 _aCarpenter, Minnie Lindsay Rowell
245 1 4 _aThe Angel Adjutant of "Twice Born Men"
_h[electronic resource] /
_cMinnie Lindsay Rowell Carpenter
260 _bProject Gutenberg,
_c2004
506 _aPublic domain in the USA.
516 _aElectronic text
653 _aLee, Kate
653 _aSalvation Army
830 0 _aProject Gutenberg
_v7039
856 4 0 _uhttp://www.gutenberg.org/ebooks/7039
942 _cEB
999 _c236359
_d236359